000
00238nam a2200097Ia 4500
001
649510
005
20250826153743.0
008
250824s9999 xx 000 0 und d
245
0
_a
KAPİLAND IN KOBAYLARI
_c
MİYASE SERTBARUT
260
_b
TUDEM
999
_c
649510
_d
649510